[Event "Montcalm IV 2002-03"]
[Site "Quebec CAN"]
[Date "2003.01.23"]
[Round "2"]
[White "Audet-Bouchard, Nicolas"]
[Black "Boudreau, Daniel"]
[Result "1-0"]
[WhiteElo "2034"]
[BlackElo "2051"]
[PlyCount "113"]
[EventDate "2003.01.16"]
[EventType "tourn"]
[EventRounds "5"]
[EventCountry "CAN"]

1. e4 d6 2. d4 Nf6 3. Nc3 g6 4. Be3 c6 5. Qd2 b5 6. Bd3 Nbd7 7. Nf3 Nb6 8. O-O
Bg7 9. a4 Nc4 10. Bxc4 bxc4 11. Bh6 O-O 12. Bxg7 Kxg7 13. e5 Nd5 14. exd6 exd6
15. Nxd5 cxd5 16. b4 cxb3 17. cxb3 Re8 18. h3 Ba6 19. Rfe1 Qb6 20. b4 Re4 21.
b5 Bb7 22. Reb1 Rae8 23. a5 Qd8 24. a6 Ba8 25. Qa5 Qf6 26. b6 axb6 27. Rxb6 g5
28. Qa3 R4e6 29. Qc1 Kg6 30. Qc2+ Kg7 31. Qd2 Kg6 32. Qd3+ Kg7 33. a7 h5 34.
Rb8 Kh6 35. Qb5 Qh8 36. Rb1 Qf8 37. Qd7 Kg6 38. Rxe8 Rxe8 39. Rb6 Qe7 40. Rxd6+
f6 41. Ne5+ Kg7 42. Qxe7+ Rxe7 43. Rd7 Rxd7 44. Nxd7 Kg6 45. Nb6 Bb7 46. a8=Q
Bxa8 47. Nxa8 Kf5 48. f3 g4 49. Kf2 Kf4 50. g3+ Kf5 51. fxg4+ hxg4 52. h4 Ke4
53. Nc7 f5 54. Ne6 f4 55. gxf4 Kf5 56. Kg3 Kxe6 57. Kxg4 1-0

[Event "Montcalm IV 2002-03"]
[Site "Quebec CAN"]
[Date "2003.01.23"]
[Round "2"]
[White "Fecteau, Martin"]
[Black "Angers, Gilles"]
[Result "1/2-1/2"]
[WhiteElo "1948"]
[BlackElo "2015"]
[PlyCount "64"]
[EventDate "2003.01.16"]
[EventType "tourn"]
[EventRounds "5"]
[EventCountry "CAN"]

1. d4 f5 2. g3 Nf6 3. Bg2 d5 4. Nh3 c6 5. Nf4 e6 6. h4 Bd6 7. Nc3 O-O 8. e3 e5
9. dxe5 Bxe5 10. Nce2 Qa5+ 11. c3 Na6 12. a3 Nc7 13. Qb3 Bd7 14. f3 Kh8 15. Bd2
c5 16. Qc2 Qa6 17. Kf2 Rac8 18. h5 Qb6 19. Rab1 d4 20. c4 dxe3+ 21. Bxe3 Ne6
22. Nxe6 Bxe6 23. Nf4 Bd4 24. Rhe1 Bd7 25. Bh3 Rce8 26. Qd2 Bxe3+ 27. Rxe3 Rxe3
28. Qxe3 Re8 29. Qc3 Qd6 30. Re1 Rxe1 31. Kxe1 h6 32. Qd2 Qxd2+ 1/2-1/2

[Event "Montcalm IV 2002-03"]
[Site "Quebec CAN"]
[Date "2003.01.23"]
[Round "2"]
[White "Lessard, Claude"]
[Black "Dion, Jean-Francois"]
[Result "1-0"]
[WhiteElo "1984"]
[BlackElo "1729"]
[PlyCount "81"]
[EventDate "2003.01.16"]
[EventType "tourn"]
[EventRounds "5"]
[EventCountry "CAN"]

1. d4 Nf6 2. Nf3 g6 3. c4 Bg7 4. Nc3 O-O 5. e4 d6 6. Be2 e5 7. dxe5 dxe5 8.
Qxd8 Rxd8 9. Bg5 Re8 10. O-O-O c6 11. Nxe5 Nxe4 12. Nxe4 Bxe5 13. Bf3 Be6 14.
Rhe1 Nd7 15. b3 a5 16. Nd6 Reb8 17. Nxb7 Rxb7 18. Bxc6 Raa7 19. Bxb7 Rxb7 20.
Rxd7 Rxd7 21. Rxe5 Ra7 22. a4 Kg7 23. Bd2 Rb7 24. Rb5 Re7 25. Bxa5 Bf5 26. Bc3+
f6 27. Rb6 Re2 28. Bxf6+ Kf7 29. Bd4 h5 30. a5 Ke8 31. a6 Kd7 32. a7 Ra2 33.
Rb7+ Kd6 34. b4 Be4 35. c5+ Kd5 36. f3 Kxd4 37. fxe4 Kc3 38. Kd1 Kd3 39. Rd7+
Kc4 40. c6 Kxb4 41. c7 1-0

[Event "Montcalm IV 2002-03"]
[Site "Quebec CAN"]
[Date "2003.01.23"]
[Round "2"]
[White "Sauve, Richard"]
[Black "Auger, Bertrand"]
[Result "1-0"]
[WhiteElo "2000"]
[BlackElo "2086"]
[PlyCount "106"]
[EventDate "2003.01.16"]
[EventType "tourn"]
[EventRounds "5"]
[EventCountry "CAN"]

1. d4 Nf6 2. c4 e6 3. Nc3 Bb4 4. e3 d5 5. a3 Bxc3+ 6. bxc3 O-O 7. Nf3 b6 8.
cxd5 exd5 9. Bd3 Nbd7 10. O-O Bb7 11. a4 a5 12. Ba3 Re8 13. Qc2 Ba6 14. Bxa6
Rxa6 15. c4 dxc4 16. Qxc4 Nb8 17. Ne5 Re6 18. f4 Nd5 19. Rf3 Rf6 20. Raf1 c6
21. e4 Nc7 22. d5 b5 23. axb5 cxb5 24. Qd3 b4 25. Bb2 Rfb6 26. Rg3 f6 27. Nc4
Rb7 28. d6 Ne8 29. e5 Rd7 30. Qd5+ Kf8 31. Qe4 g6 32. Rd3 f5 33. Qd5 Qc8 34.
Nxa5 Nc6 35. Nb3 Qb8 36. Nc5 Qa7 37. Kh1 Nd8 38. Nxa6 Qxa6 39. Ra1 Qb7 40. Ra8
Qxd5 41. Rxd5 Ne6 42. g3 Kf7 43. Rb5 N8g7 44. Rxb4 Nc5 45. Rc4 Nge6 46. Rc8 Ne4
47. Rb4 h5 48. Rcb8 h4 49. R4b7 N4c5 50. Rxd7+ Nxd7 51. Rb7 Nec5 52. Rc7 Ke6
53. Ba3 Nd3 1-0

[Event "Montcalm IV 2002-03"]
[Site "Quebec CAN"]
[Date "2003.01.30"]
[Round "3"]
[White "Auger, Bertrand"]
[Black "Audet-Bouchard, Nicolas"]
[Result "0-1"]
[WhiteElo "2086"]
[BlackElo "2034"]
[PlyCount "74"]
[EventDate "2003.01.16"]
[EventType "tourn"]
[EventRounds "5"]
[EventCountry "CAN"]

1. Nf3 d5 2. g3 c5 3. Bg2 Nc6 4. d4 Nf6 5. O-O cxd4 6. Nxd4 e5 7. Nxc6 bxc6 8.
c4 Be6 9. Qa4 Qd7 10. Rd1 Rb8 11. a3 Rb6 12. Nc3 d4 13. Bg5 Be7 14. Bxf6 gxf6
15. Rac1 c5 16. Nb5 O-O 17. Qxa7 Qxa7 18. Nxa7 Rxb2 19. Nc6 Bd6 20. a4 f5 21.
Bd5 Bxd5 22. cxd5 Rxe2 23. a5 Ra8 24. Kf1 Rb2 25. Rb1 Rxb1 26. Rxb1 c4 27. Ke2
Kg7 28. Rb5 Kf6 29. h3 Kg5 30. f3 d3+ 31. Kd2 e4 32. h4+ Kh5 33. f4 Kg4 34.
Ne5+ Bxe5 35. fxe5 Kf3 36. e6 e3+ 37. Ke1 c3 0-1

[Event "Montcalm IV 2002-03"]
[Site "Quebec CAN"]
[Date "2003.01.30"]
[Round "3"]
[White "Boudreau, Daniel"]
[Black "Fecteau, Martin"]
[Result "1-0"]
[WhiteElo "1993"]
[BlackElo "1968"]
[PlyCount "55"]
[EventDate "2003.01.16"]
[EventType "tourn"]
[EventRounds "5"]
[EventCountry "CAN"]

1. e4 e6 2. d4 d5 3. e5 c5 4. c3 Nc6 5. Be3 Nge7 6. Qd2 Nf5 7. Nf3 Qa5 8. Bd3
cxd4 9. cxd4 Bb4 10. Nc3 O-O 11. O-O Bd7 12. Rac1 Nce7 13. a3 Bxc3 14. Rxc3 Bb5
15. b4 Qa6 16. Bxb5 Qxb5 17. Bg5 h6 18. g4 hxg5 19. gxf5 Nxf5 20. Nxg5 Qd7 21.
Rh3 f6 22. Nf3 Kf7 23. exf6 gxf6 24. Rh7+ Ng7 25. Qh6 Rg8 26. Kh1 Kf8 27. Rg1
Re8 28. Nh4 1-0

[Event "Montcalm IV 2002-03"]
[Site "Quebec CAN"]
[Date "2003.01.30"]
[Round "3"]
[White "Bourassa, Andre"]
[Black "Chouinard, Bastien"]
[Result "1-0"]
[WhiteElo "1686"]
[BlackElo "1664"]
[PlyCount "63"]
[EventDate "2003.01.16"]
[EventType "tourn"]
[EventRounds "5"]
[EventCountry "CAN"]

1. d4 d5 2. c4 e6 3. Nc3 Nf6 4. Bg5 Be7 5. e3 O-O 6. Nf3 c5 7. dxc5 Qa5 8. cxd5
Nxd5 9. Bxe7 Nxe7 10. Qd4 Nbc6 11. Qc4 a6 12. Be2 e5 13. Qe4 Bf5 14. Qh4 Rad8
15. Nxe5 Qxc5 16. Nxc6 Nxc6 17. O-O Rd2 18. Rfd1 Rfd8 19. Qg5 f6 20. Qh5 g6 21.
Qh4 Qd6 22. e4 Qd4 23. Rxd2 Qxd2 24. exf5 Qxb2 25. Qc4+ Kg7 26. Rb1 Qc2 27.
Rxb7+ Kh8 28. Qf7 Qc1+ 29. Bf1 Qh6 30. Qxf6+ Kg8 31. Bc4+ Rd5 32. Bxd5# 1-0

[Event "Montcalm IV 2002-03"]
[Site "Quebec CAN"]
[Date "2003.01.30"]
[Round "3"]
[White "Poliquin, Yvon"]
[Black "Lessard, Claude"]
[Result "0-1"]
[WhiteElo "1917"]
[BlackElo "1984"]
[PlyCount "49"]
[EventDate "2003.01.16"]
[EventType "tourn"]
[EventRounds "5"]
[EventCountry "CAN"]

1. c4 e5 2. Nc3 d6 3. g3 f5 4. d3 c6 5. Bg2 Nf6 6. Bg5 Be7 7. e3 O-O 8. Nge2
Nbd7 9. O-O Qe8 10. b4 Qh5 11. Bxf6 Nxf6 12. b5 Bd7 13. a4 g5 14. Qd2 f4 15.
exf4 gxf4 16. f3 Rf7 17. Kf2 fxg3+ 18. hxg3 Ng4+ 19. Ke1 Bg5 20. f4 exf4 21.
Nxf4 Re8+ 22. Nce2 Bxf4 23. Rxf4 Rxf4 24. Qxf4 Ne3 25. Bf3 0-1

[Event "Montcalm IV 2002-03"]
[Site "Quebec CAN"]
[Date "2003.02.06"]
[Round "4"]
[White "Bourassa, Andre"]
[Black "Bisson, Real"]
[Result "1/2-1/2"]
[WhiteElo "1686"]
[BlackElo "1651"]
[PlyCount "82"]
[EventDate "2003.01.16"]
[EventType "tourn"]
[EventRounds "5"]
[EventCountry "CAN"]

1. d4 Nf6 2. c4 d6 3. Nc3 Nbd7 4. e4 e5 5. d5 Be7 6. Bd3 Nc5 7. Bc2 a5 8. f3
O-O 9. Be3 c6 10. dxc6 bxc6 11. Bxc5 dxc5 12. Qxd8 Rxd8 13. Nge2 Be6 14. b3 Rd7
15. Rd1 Rxd1+ 16. Kxd1 Rd8+ 17. Kc1 Nh5 18. Rd1 Bg5+ 19. Kb2 Rxd1 20. Bxd1 Nf4
21. Nxf4 Bxf4 22. h3 g6 23. Na4 Be3 24. Bc2 f5 25. exf5 gxf5 26. g4 fxg4 27.
hxg4 Kg7 28. Be4 Bd7 29. Nb6 Be8 30. Nc8 h5 31. gxh5 Bxh5 32. Kc2 Kf6 33. Na7
Kg5 34. Kd3 Kf4 35. Nxc6 Bd4 36. Ke2 Bc3 37. Nd8 Bb4 38. Ne6+ Kg3 39. Nc7 Kf4
40. Nd5+ Kg5 41. Nxb4 axb4 1/2-1/2

[Event "Montcalm IV 2002-03"]
[Site "Quebec CAN"]
[Date "2003.02.06"]
[Round "4"]
[White "Sauve, Richard"]
[Black "Audet-Bouchard, Nicolas"]
[Result "0-1"]
[WhiteElo "2000"]
[BlackElo "2034"]
[PlyCount "64"]
[EventDate "2003.01.16"]
[EventType "tourn"]
[EventRounds "5"]
[EventCountry "CAN"]

1. d4 Nf6 2. c4 e6 3. Nc3 Bb4 4. Qc2 Nc6 5. Nf3 d6 6. Bg5 h6 7. Bd2 e5 8. d5
Ne7 9. e4 O-O 10. Be2 a5 11. a3 Bxc3 12. Bxc3 Ng6 13. O-O-O Ng4 14. Bd3 f5 15.
h3 Nf6 16. exf5 Nf4 17. g4 c6 18. Be4 cxd5 19. Bxd5+ N6xd5 20. cxd5 b5 21. Nxe5
dxe5 22. Bxe5 Bxf5 23. gxf5 Rc8 24. Bc3 b4 25. Qe4 bxc3 26. Qxf4 Qb6 27. b4
axb4 28. axb4 Qa6 29. Rdg1 Qa1+ 30. Kc2 Qa2+ 31. Kc1 Qb2+ 32. Kd1 c2+ 0-1

[Event "Montcalm IV 2002-03"]
[Site "Quebec CAN"]
[Date "2003.02.13"]
[Round "5"]
[White "Auger, Bertrand"]
[Black "Angers, Gilles"]
[Result "1/2-1/2"]
[WhiteElo "2086"]
[BlackElo "2015"]
[PlyCount "89"]
[EventDate "2003.01.16"]
[EventType "tourn"]
[EventRounds "5"]
[EventCountry "CAN"]

1. Nf3 Nf6 2. g3 d5 3. Bg2 c6 4. b3 Bg4 5. Bb2 Nbd7 6. d3 e6 7. Nbd2 Bd6 8. c4
O-O 9. O-O e5 10. Qc2 Qe7 11. e4 dxe4 12. dxe4 a5 13. a3 Rfd8 14. Rfe1 Ne8 15.
Nf1 Bc5 16. Ne3 Bxf3 17. Bxf3 Qf6 18. Bg2 Bd4 19. b4 Bxb2 20. Qxb2 Nc7 21. Bh3
Ne6 22. Bxe6 Qxe6 23. c5 g6 24. Red1 Nf6 25. f3 Rxd1+ 26. Rxd1 axb4 27. Qxb4
Qa2 28. Nc4 Qe2 29. Qb3 Re8 30. Qd3 Qxd3 31. Rxd3 Re7 32. Rb3 Kf8 33. Na5 Nd7
34. Nxb7 Re8 35. a4 Ra8 36. a5 Ra7 37. Kf2 Ke7 38. Ke3 f6 39. Kd3 Nf8 40. Kc4
Nd7 41. g4 g5 42. Rb2 Kf8 43. Nd8 Rxa5 44. Nb7 Ra3 45. Nd8 1/2-1/2

[Event "Montcalm IV 2002-03"]
[Site "Quebec CAN"]
[Date "2003.02.13"]
[Round "5"]
[White "Lachance, Norbert"]
[Black "Bourassa, Andre"]
[Result "1/2-1/2"]
[WhiteElo "1708"]
[BlackElo "1686"]
[PlyCount "146"]
[EventDate "2003.01.16"]
[EventType "tourn"]
[EventRounds "5"]
[EventCountry "CAN"]

1. e4 c5 2. Nf3 d6 3. b3 Nc6 4. Bb2 e5 5. c3 Nf6 6. Qc2 Bd7 7. a3 Rc8 8. d3 Be7
9. Nbd2 O-O 10. Be2 Ne8 11. Rc1 f5 12. Qb1 Be6 13. b4 b6 14. O-O h6 15. d4 exd4
16. cxd4 fxe4 17. Qxe4 Bf5 18. Qd5+ Kh8 19. dxc5 dxc5 20. Qxd8 Nxd8 21. bxc5
Rxc5 22. Rxc5 Bxc5 23. Ne5 Nf6 24. g4 Bh7 25. Ndf3 Nf7 26. Nxf7+ Rxf7 27. g5
Ne4 28. gxh6 Bf8 29. Rd1 Bg8 30. Bd3 Rf4 31. hxg7+ Bxg7 32. Bxg7+ Kxg7 33. Bxe4
Rxe4 34. Rd7+ Kf6 35. Rxa7 Rg4+ 36. Kf1 Bc4+ 37. Ke1 Re4+ 38. Kd2 Re2+ 39. Kc3
Bd5 40. Nd4 Rxf2 41. Rd7 Bf7 42. Rd6+ Kg7 43. Rxb6 Rxh2 44. Ne6+ Kf6 45. Nd8+
Ke7 46. Nxf7 Kxf7 47. Rd6 Ke7 48. Rd4 Rh6 49. Kb4 Rd6 50. Rc4 Kd7 51. Kb5 Rd5+
52. Kb6 Rd6+ 53. Kb7 Rd3 54. a4 Rb3+ 55. Ka6 Rb8 56. Ka7 Rb3 57. Rc5 Rb4 58. a5
Rb1 59. Rh5 Kc7 60. Rh7+ Kc8 61. a6 Rb3 62. Rb7 Ra3 63. Rb4 Rh3 64. Rc4+ Kd7
65. Rb4 Kc7 66. Rb7+ Kc8 67. Rf7 Rb3 68. Rb7 Rh3 69. Rb1 Rc3 70. Kb6 Kb8 71.
Rb4 Rc8 72. Rd4 Ka8 73. Rd7 Rh8 1/2-1/2

[Event "Montcalm IV 2002-03"]
[Site "Quebec CAN"]
[Date "2003.02.13"]
[Round "5"]
[White "Lessard, Claude"]
[Black "Perreault, Jacquelin"]
[Result "1/2-1/2"]
[WhiteElo "1984"]
[BlackElo "1733"]
[PlyCount "73"]
[EventDate "2003.01.16"]
[EventType "tourn"]
[EventRounds "5"]
[EventCountry "CAN"]

1. Nf3 Nf6 2. d4 e6 3. e3 b6 4. Bd3 Bb7 5. Nbd2 d5 6. O-O Bd6 7. c3 O-O 8. Qc2
c5 9. b3 Qc7 10. e4 dxe4 11. Nxe4 Nxe4 12. Bxe4 Bxe4 13. Qxe4 Nd7 14. c4 Nf6
15. Qh4 Rad8 16. Bb2 Be7 17. Rfe1 Rfe8 18. Qh3 Qf4 19. Ne5 Bd6 20. dxc5 Bxc5
21. Nd3 Rxd3 22. Qxd3 Bxf2+ 23. Kh1 Bxe1 24. Rxe1 Ng4 25. Qg3 Qxg3 26. hxg3
Nf2+ 27. Kg1 Nd3 28. Re2 Nxb2 29. Rxb2 Rd8 30. Kf2 Kf8 31. b4 Ke7 32. Ke3 e5
33. c5 bxc5 34. bxc5 Rd7 35. g4 Ke6 36. Rb5 Rc7 37. Ke4 1/2-1/2

[Event "Montcalm V 2002-03"]
[Site "Quebec CAN"]
[Date "2003.02.20"]
[Round "1"]
[White "Auger, Bertrand"]
[Black "Gervais, Dominique"]
[Result "1-0"]
[WhiteElo "2038"]
[BlackElo "1446"]
[PlyCount "47"]
[EventDate "2003.02.20"]
[EventType "swiss"]
[EventRounds "5"]
[EventCountry "CAN"]

1. Nf3 Nf6 2. g3 d5 3. Bg2 e6 4. O-O Bd6 5. d4 b6 6. c4 c6 7. cxd5 cxd5 8. Nc3
O-O 9. Nb5 Bb7 10. Nxd6 Qxd6 11. Ne5 Nbd7 12. Bf4 Qb4 13. b3 Rac8 14. Nc4 Ne8
15. Bc1 dxc4 16. Bxb7 Rc7 17. Ba6 cxb3 18. axb3 Rc3 19. Bc4 Rxc4 20. Ba3 Qc3
21. bxc4 Qxc4 22. Bxf8 Nxf8 23. Rxa7 b5 24. Qd2 1-0

[Event "Montcalm V 2002-03"]
[Site "Quebec CAN"]
[Date "2003.02.20"]
[Round "1"]
[White "Bourassa, Andre"]
[Black "Leblanc, Nicolas"]
[Result "1/2-1/2"]
[WhiteElo "1746"]
[BlackElo "1217"]
[PlyCount "77"]
[EventDate "2003.02.20"]
[EventType "swiss"]
[EventRounds "5"]
[EventCountry "CAN"]

1. d4 Nf6 2. c4 c5 3. d5 d6 4. Nc3 e6 5. e4 exd5 6. exd5 Be7 7. Bd3 O-O 8. Nge2
Bg4 9. f3 Bd7 10. O-O a5 11. a4 Na6 12. b3 Nb4 13. Bb1 b6 14. Na2 Qc8 15. Nxb4
cxb4 16. Be3 Bd8 17. Ng3 Re8 18. Ne4 Nxe4 19. fxe4 Rb8 20. Qf3 Bf6 21. Ra2 Bg4
22. Qf4 Qd7 23. Qf2 Qd8 24. Qg3 Bh5 25. Bf4 Be5 26. Bxe5 Rxe5 27. Raf2 Bg6 28.
Rf4 Qg5 29. Qf2 Qe7 30. h3 Qc7 31. Kh2 Rf8 32. g4 h6 33. h4 f6 34. g5 hxg5 35.
hxg5 Rxg5 36. Rg1 Rxg1 37. Qxg1 Bh7 38. Bd3 g5 39. Rf3 1/2-1/2

[Event "Montcalm V 2002-03"]
[Site "Quebec CAN"]
[Date "2003.02.20"]
[Round "1"]
[White "Fecteau, Martin"]
[Black "Caron, Sebastien"]
[Result "1-0"]
[WhiteElo "1920"]
[BlackElo "1519"]
[PlyCount "93"]
[EventDate "2003.02.20"]
[EventType "swiss"]
[EventRounds "5"]
[EventCountry "CAN"]

1. d4 Nf6 2. c4 g6 3. Nc3 Bg7 4. e4 d6 5. Nf3 O-O 6. Be2 Nbd7 7. O-O e5 8. Be3
Ng4 9. Bg5 f6 10. Bh4 Qe8 11. Nd5 Qd8 12. h3 Nh6 13. dxe5 Nxe5 14. Nxe5 dxe5
15. Qc2 c6 16. Ne3 Qc7 17. Rfd1 Be6 18. Rd2 Rad8 19. Rad1 g5 20. Bg3 f5 21.
Rxd8 Rxd8 22. exf5 Rxd1+ 23. Bxd1 Bc8 24. Qe4 Qd7 25. Bc2 Qd4 26. b3 Nf7 27.
Qf3 Qa1+ 28. Kh2 Qxa2 29. f6 Bh8 30. Qh5 Bxf6 31. Qxh7+ Kf8 32. Bg6 Nh8 33. Bf5
Bxf5 34. Qxf5 Ke7 35. Ng4 Bg7 36. Qxg5+ Kf8 37. Qd8+ Kf7 38. Nxe5+ Bxe5 39.
Bxe5 Qxf2 40. Qxh8 Qf5 41. Qg7+ Ke6 42. Bg3 b5 43. Qh6+ Qf6 44. Qe3+ Kf5 45.
Qxa7 bxc4 46. Qc5+ Kg6 47. Qxc4 1-0

[Event "Montcalm V 2002-03"]
[Site "Quebec CAN"]
[Date "2003.02.27"]
[Round "2"]
[White "Lachance, Norbert"]
[Black "Auger, Bertrand"]
[Result "0-1"]
[WhiteElo "1708"]
[BlackElo "2038"]
[PlyCount "118"]
[EventDate "2003.02.20"]
[EventType "swiss"]
[EventRounds "5"]
[EventCountry "CAN"]

1. d4 Nf6 2. Nf3 b6 3. g3 Bb7 4. Bg2 e6 5. Nc3 Be7 6. O-O O-O 7. Re1 Ne4 8. Qd3
f5 9. Nd2 Ba6 10. Qe3 d5 11. Ncxe4 fxe4 12. Nxe4 dxe4 13. Qxe4 c6 14. Qxe6+ Kh8
15. Bf4 Bb7 16. Rad1 Rf6 17. Qh3 Bc8 18. Qh5 Rf5 19. Qf3 Be6 20. Qc3 Qe8 21. e4
Rb5 22. Bf1 Bb4 23. Qf3 Bxe1 24. Bxb5 Bxf2+ 25. Qxf2 cxb5 26. d5 Bg4 27. Re1
Nd7 28. e5 Rd8 29. d6 Qe6 30. b3 Rf8 31. h4 h6 32. Qe3 Rf5 33. Qe4 g5 34. Bxg5
Bf3 35. Qd3 hxg5 36. hxg5 Bd5 37. Qxb5 Rxe5 38. Rf1 Re1 39. Qd3 Qe5 40. c4 Bb7
41. g6 Qc5+ 42. Kh2 Qh5+ 43. Kg1 Qh1+ 44. Kf2 Rxf1+ 45. Qxf1 Qf3+ 46. Ke1 Qxg3+
47. Qf2 Qxf2+ 48. Kxf2 Kg7 49. b4 Kxg6 50. Ke3 Kf5 51. Kd4 Ke6 52. c5 b5 53. a3
a6 54. Kc3 Ke5 55. Kd3 Kd5 56. Kc3 Ke4 57. Kb3 Kd3 58. a4 Bd5+ 59. Ka3 Kc4 0-1

[Event "Montcalm V 2002-03"]
[Site "Quebec CAN"]
[Date "2003.02.27"]
[Round "2"]
[White "Michaud, Jacques"]
[Black "Fecteau, Martin"]
[Result "0-1"]
[WhiteElo "1595"]
[BlackElo "1920"]
[PlyCount "78"]
[EventDate "2003.02.20"]
[EventType "swiss"]
[EventRounds "5"]
[EventCountry "CAN"]

1. d4 Nf6 2. c4 e6 3. Nf3 b6 4. g3 Bb7 5. Bg2 Bb4+ 6. Nbd2 O-O 7. a3 Be7 8. b4
d6 9. Bb2 Nbd7 10. O-O c5 11. e3 Qc7 12. Qc2 cxd4 13. exd4 Rac8 14. Qd3 Rfe8
15. Rac1 Qb8 16. Rfe1 h6 17. h3 Nf8 18. Qb1 N8h7 19. Re2 Qa8 20. Ne1 Bxg2 21.
Nxg2 Ng5 22. Nf4 d5 23. cxd5 Nxd5 24. Rxc8 Rxc8 25. Nxd5 Qxd5 26. Kh2 Bf6 27.
f4 Nf3+ 28. Nxf3 Qxf3 29. Rc2 Rd8 30. Qg1 Qd3 31. Qf2 g6 32. Rc7 Bxd4 33. Bxd4
Rxd4 34. Rxa7 Rc4 35. Ra8+ Kh7 36. Qe1 Rc2+ 37. Kg1 Qf3 38. Rh8+ Kxh8 39. Qe5+
Kh7 0-1

[Event "Montcalm V 2002-03"]
[Site "Quebec CAN"]
[Date "2003.02.27"]
[Round "2"]
[White "Perreault, Jacquelin"]
[Black "Bourassa, Andre"]
[Result "1-0"]
[WhiteElo "1728"]
[BlackElo "1746"]
[PlyCount "41"]
[EventDate "2003.02.20"]
[EventType "swiss"]
[EventRounds "5"]
[EventCountry "CAN"]

1. e4 c5 2. Nf3 d6 3. d4 cxd4 4. Nxd4 Nf6 5. Nc3 a6 6. f4 e5 7. Nf3 Nc6 8. a4
Qa5 9. Bd3 Nb4 10. O-O Ng4 11. Qe1 Nxd3 12. cxd3 exf4 13. Bxf4 Be6 14. Kh1 Be7
15. Nd4 O-O 16. Nxe6 fxe6 17. Qg3 Ne5 18. d4 Nc4 19. Bh6 Rxf1+ 20. Rxf1 g6 21.
Qf4 1-0

[Event "Montcalm V 2002-03"]
[Site "Quebec CAN"]
[Date "2003.02.27"]
[Round "2"]
[White "Saint Amand, Paul"]
[Black "Godbout, Mathieu"]
[Result "1-0"]
[WhiteElo "2047"]
[BlackElo "1674"]
[PlyCount "111"]
[EventDate "2003.02.20"]
[EventType "swiss"]
[EventRounds "5"]
[EventCountry "CAN"]

1. e4 Nf6 2. e5 Nd5 3. d4 d6 4. Nf3 g6 5. Bc4 c6 6. O-O Bg7 7. Bb3 dxe5 8. Nxe5
O-O 9. c4 Nc7 10. f4 Nd7 11. Nc3 Nxe5 12. dxe5 Qxd1 13. Rxd1 Bg4 14. Re1 Na6
15. Be3 Rfd8 16. h3 Be6 17. Rad1 b6 18. a3 h5 19. Ne4 c5 20. Nc3 Nc7 21. Kf2
Kf8 22. Nd5 Nxd5 23. cxd5 Bc8 24. Rd2 Bb7 25. Red1 Rac8 26. d6 e6 27. Bc4 Bc6
28. b3 Bd7 29. a4 f6 30. exf6 Bxf6 31. Ba6 Rb8 32. Bd3 Kf7 33. Be4 h4 34. Kf3
Rdc8 35. Rc2 Rg8 36. Ke2 a5 37. Rf1 Rbf8 38. Rf3 Ke8 39. g4 hxg3 40. Rxg3 g5
41. fxg5 Be5 42. Rf3 Bxd6 43. h4 e5 44. Rxf8+ Rxf8 45. Ke1 Bg4 46. Rf2 Bh5 47.
Rxf8+ Kxf8 48. Kf2 Bf7 49. Bc2 c4 50. bxc4 Bxc4 51. Bxb6 Bb4 52. Ke3 Bd5 53. h5
Kg7 54. Bd8 Bc5+ 55. Ke2 Bf7 56. h6+ 1-0

[Event "Montcalm V 2002-03"]
[Site "Quebec CAN"]
[Date "2003.02.27"]
[Round "2"]
[White "Sauve, Richard"]
[Black "Berube, Antoine"]
[Result "1-0"]
[WhiteElo "2088"]
[BlackElo "1702"]
[PlyCount "45"]
[EventDate "2003.02.20"]
[EventType "swiss"]
[EventRounds "5"]
[EventCountry "CAN"]

1. d4 d5 2. c4 dxc4 3. Nf3 Nf6 4. e3 e6 5. Bxc4 c5 6. O-O a6 7. a4 Nc6 8. Qe2
cxd4 9. Rd1 Qc7 10. exd4 Be7 11. Nc3 O-O 12. Bg5 Ng4 13. Bxe7 Qxe7 14. h3 Nf6
15. Ne5 Na5 16. Ba2 Qb4 17. Rd3 Bd7 18. d5 exd5 19. Nxd7 Nxd7 20. Nxd5 Qh4 21.
Ne7+ Kh8 22. Rxd7 Rae8 23. Bxf7 1-0

[Event "Montcalm V 2002-03"]
[Site "Quebec CAN"]
[Date "2003.03.06"]
[Round "3"]
[White "Auger, Bertrand"]
[Black "Dion, Jean-Francois"]
[Result "0-1"]
[WhiteElo "2038"]
[BlackElo "1741"]
[PlyCount "52"]
[EventDate "2003.02.20"]
[EventType "swiss"]
[EventRounds "5"]
[EventCountry "CAN"]

1. Nf3 Nf6 2. g3 g6 3. b3 Bg7 4. Bb2 O-O 5. Bg2 d6 6. d4 Nbd7 7. c4 c6 8. O-O
Qc7 9. Qc2 a5 10. a3 c5 11. Nc3 Rb8 12. Nb5 Qd8 13. Na7 cxd4 14. Nxc8 Qxc8 15.
Nxd4 Ne5 16. Nf3 Nfd7 17. Nxe5 Nxe5 18. Kh1 Qc5 19. e3 b5 20. Bd4 Qc7 21. f4
Ng4 22. Bxg7 Kxg7 23. Qc3+ Kg8 24. h3 Nf6 25. Rfc1 Rfc8 26. Qxa5 Qxa5 0-1

[Event "Montcalm V 2002-03"]
[Site "Quebec CAN"]
[Date "2003.03.06"]
[Round "3"]
[White "Fecteau, Martin"]
[Black "Bourassa, Real"]
[Result "1-0"]
[WhiteElo "1920"]
[BlackElo "1537"]
[PlyCount "58"]
[EventDate "2003.02.20"]
[EventType "swiss"]
[EventRounds "5"]
[EventCountry "CAN"]

1. e4 e5 2. Nf3 Nc6 3. Bb5 Nf6 4. d3 d6 5. c3 a6 6. Ba4 b5 7. Bb3 Be7 8. O-O
O-O 9. Re1 Be6 10. Bc2 b4 11. Nbd2 Rb8 12. Nf1 bxc3 13. bxc3 Rb7 14. Ba4 Na7
15. h3 Nd7 16. Be3 Nc8 17. d4 Bc4 18. Bxd7 Qxd7 19. dxe5 Rb2 20. N1d2 Bxa2 21.
c4 c5 22. exd6 Bxd6 23. e5 Be7 24. Qc1 Qb7 25. Ne4 Qb3 26. Nxc5 Bxc5 27. Bxc5
Rc2 28. Qd1 Re8 29. Qd7 Nd6 1-0

[Event "Montcalm V 2002-03"]
[Site "Quebec CAN"]
[Date "2003.03.06"]
[Round "3"]
[White "Grant, James"]
[Black "Sauve, Richard"]
[Result "0-1"]
[WhiteElo "1582"]
[BlackElo "2088"]
[PlyCount "76"]
[EventDate "2003.02.20"]
[EventType "swiss"]
[EventRounds "5"]
[EventCountry "CAN"]

1. d4 e6 2. c4 d5 3. Nc3 c6 4. Nf3 dxc4 5. e4 b5 6. a4 Bb4 7. Bd2 a5 8. Na2
Bxd2+ 9. Qxd2 Ba6 10. axb5 cxb5 11. Be2 Nf6 12. Nc3 b4 13. Na4 Nxe4 14. Qf4 Nd6
15. Nc5 O-O 16. O-O c3 17. Nxa6 cxb2 18. Rab1 Nxa6 19. Rxb2 Nc7 20. Ne5 Nd5 21.
Qf3 Nf5 22. Rd1 Qg5 23. Qg4 Qxg4 24. Nxg4 Nc3 25. Rd3 Nxe2+ 26. Rxe2 a4 27. Ne5
a3 28. Re1 Nxd4 29. Rxd4 b3 30. Nc4 b2 31. Nxb2 axb2 32. Rdd1 Rfc8 33. Rb1 Rc2
34. Kf1 Rd8 35. Re2 Rc1+ 36. Re1 Rxb1 37. Rxb1 Rd2 38. Ke1 Rc2 0-1

[Event "Montcalm V 2002-03"]
[Site "Quebec CAN"]
[Date "2003.03.06"]
[Round "3"]
[White "Lessard, Claude"]
[Black "Lapierre, Gaetan"]
[Result "1-0"]
[WhiteElo "2010"]
[BlackElo "1853"]
[PlyCount "53"]
[EventDate "2003.02.20"]
[EventType "swiss"]
[EventRounds "5"]
[EventCountry "CAN"]

1. d4 Nf6 2. c4 c5 3. d5 e5 4. dxe6 fxe6 5. g3 Be7 6. Bg2 O-O 7. Nc3 d6 8. Nf3
Nc6 9. O-O a6 10. b3 Kh8 11. Bb2 Rb8 12. Ng5 h6 13. Nf3 Ng4 14. Qd2 Nce5 15.
Rad1 Nxf3+ 16. exf3 Ne5 17. Rfe1 Nf7 18. Ne4 b5 19. cxb5 Rxb5 20. Bf1 d5 21.
Bxb5 axb5 22. Nxc5 Bxc5 23. Qc3 Bxf2+ 24. Kxf2 e5 25. Qc5 Ng5 26. Rd3 e4 27.
Qd4 1-0

[Event "Montcalm V 2002-03"]
[Site "Quebec CAN"]
[Date "2003.03.06"]
[Round "3"]
[White "Martineau, Michel"]
[Black "Saint Amand, Paul"]
[Result "0-1"]
[WhiteElo "1816"]
[BlackElo "2047"]
[PlyCount "90"]
[EventDate "2003.02.20"]
[EventType "swiss"]
[EventRounds "5"]
[EventCountry "CAN"]

1. d4 c5 2. Nf3 cxd4 3. Qxd4 Nc6 4. Qa4 Nf6 5. Nc3 d6 6. Bg5 e6 7. e3 Bd7 8.
O-O-O a6 9. Qh4 Be7 10. Bd3 Qa5 11. Rhe1 O-O-O 12. Qa4 Qxa4 13. Nxa4 Kc7 14.
Nc3 h6 15. Bh4 g5 16. Bg3 Nh5 17. Be2 Rdg8 18. Nd4 Nxg3 19. hxg3 Nxd4 20. exd4
h5 21. Bf3 g4 22. Be2 f5 23. Bc4 d5 24. Bb3 Bg5+ 25. Kb1 h4 26. gxh4 Rxh4 27.
Rh1 Rgh8 28. Rxh4 Rxh4 29. Na4 Rh2 30. Rg1 Bh4 31. g3 Bf6 32. c3 b6 33. Rf1 Bb5
34. Re1 Bd3+ 35. Bc2 Bxc2+ 36. Kxc2 Rxf2+ 37. Kb3 Rf3 38. Rxe6 Bxd4 39. Kb4 Bf2
40. Rf6 Bxg3 41. Rf7+ Kc6 42. Rf6+ Bd6+ 43. Kb3 g3 44. Nxb6 g2 45. Rg6 Rg3 0-1